Brands with Slogans - Statistics

General Stats
  • This quiz has been taken 69 times
  • The average score is 13 of 30
Answer Stats
Hint Answer % Correct
Nike Just Do It
90%
KFC It's Finger Lickin' Good
88%
McDonalds I'm Lovin' It
84%
Mountain Dew Do The Dew
71%
Kit Kat Have A Break, Have A ______
71%
Disney Where Dreams Come True
67%
Subway Eat Fresh
65%
Playstation Play Has No Limits
65%
Wikipedia The Free Encyclopedia
65%
YouTube Broadcast Yourself
59%
Coca-Cola Taste The Feeling
57%
Hulu Come TV With Us
49%
Burger King Have It Your Way
49%
Minecraft Build. Explore. Create.
47%
Beats Sound Matters
47%
Pinterest Discover And Save Creative Ideas
45%
Apple Think Different
41%
Puma Forever Faster
39%
Starbucks Meet Me At _________
31%
HP Keep Reinventing
27%
Shell Powering Lives
27%
Domino's Oh Yes We Did
20%
Pepsi That's What I Like
20%
Intel Look Inside
18%
Netflix See What's Next
18%
Adidas You Got This
18%
FedEx Relax, It's _____
16%
Amazon Work Hard, Have Fun, Make History
14%
Samsung Do What You Can't
12%
Lego Only The Best Is Do Enough
10%
No matching quizzes found
Score Distribution
Percent of People with Each Score
Percentile by Number Answered
Your Score History
You have not taken this quiz